000 00597nam a2200181Ia 4500
008 151202s9999||||xx |||||||||||||| ||und||
082 _bPNVM-81052
100 _aप्रधान निलिकाश.
245 _aरत्नप्रभा.
260 _b"नवचैतन्य प्रकाशन,बोरोवली."
260 _c2012
300 _a62
600 _aप्रधान निलिकाश.
630 _aरत्नप्रभा.
700 _aप्रधान निलिकाश.
730 _aरत्नप्रभा.
942 _cBOOK
999 _c1345660
_d1345657